000 00686cam a2200229 4500
008 010921n2003 000 0 eng u
020 _a0750647396
035 _a(Sirsi) u119621
041 _aeng
050 _a692.5
_c18
110 _aV B Johnson and Partners
245 _aLaxton's building price book
_bmajor and small works 2003
250 _a175th ed
260 _aOxford
_bLaxton
_c2003
300 _al, 510, 920p.
_c30cm.
350 _a£94
520 _aAlso available on CD-ROM (CD10790) which is not available for loan.
650 _aBUILT ENVIRONMENT-BUILDING COSTS
650 _aBUILDING PRICE BOOKS
690 _aBUILT ENVIRONMENT-BUILDING COSTS
942 _n0
999 _c102344
_d102344